Changed City Names - Statistics

General Stats
  • This quiz has been taken 67 times
  • The average score is 10 of 16
Answer Stats
Previous Name Current Name % Correct
Constantinople Istanbul
100%
Bombay Mumbai
100%
Leningrad St. Petersburg
98%
Saigon Ho Chi Minh City
89%
Edo Tokyo
89%
Danzig Gdańsk
87%
Léopoldville Kinshasa
81%
Astana Nur-Sultan
76%
Königsberg Kaliningrad
74%
Madras Chennai
65%
Lutetia Paris
48%
Mont-Royal Montreal
46%
Karl-Marx-Stadt Chemnitz
19%
Serdica Sofia
7%
Icosium Algiers
4%
Bearbrass Melbourne
4%
No matching quizzes found
Score Distribution
Percent of People with Each Score
Percentile by Number Answered
Your Score History
You have not taken this quiz